LEADER 01100nam a2200253 u 4500 001 000000057256 003 CaOOAMICUS 005 20070226120549.0 008 010504s1980 it u000 u ita u 035 $a10887248 040 $aPUL(R)$bita 100 1 $aHenrici, Peter.$0(OLS)http://pul/name/40026 245 10$aGuida pratica allo studio :$bcon una bibliografia degli strumenti di lavoro per la filosofia e la teologia /$cPeter Henrici. 250 $a2. ed.$bAggionata 260 $aRoma :$bUniversità Gregoriana Editrice,$c1980. 300 $a84 p. ;$c22 cm 504 $aBibliografia: p. 7-8. 650 4$aMetodologia.$0(OLS)http://pul/subject/1971 850 $aPUL 852 $aPUL$W1$xSL Religione 1$y3$m61 B 58$j74935$nBK-PRI$b $qStampati$B74935$CPULBib$Z2$F74935 $H $81 941 1 $a8 961 $aINV: 62346 996 $6245$aGuida pratica allo studio :$bcon una bibliografia degli strumenti di lavoro per la filosofia e la teologia$9(OLS)http://pul/title/76645 996 $6260$aRoma :$bUniversità Gregoriana Editrice$9(OLS)http://pul/publisher/48232 LEADER 01256namaa2200325 i 4500 001 000000178126 003 CaOOAMICUS 005 20251010105346.0 007 tu 008 251010s1973 it 000 u ita r 040 $aPUL$bita$erda 082 0 $a248 100 1 $aTillard, J.-M.-R.$q(Jean-Marie-Roger),$cO.P.,$d1927-2000,$eautore.$0(OLS)http://pul/name/21786 245 10$aReligiosi perchè? /$cJ.M.R. Tillard. 264 1$aBologna :$bEdizioni Dehoniane,$c[1973] 300 $a70 pagine ;$c21 cm 336 $atesto$btxt$2rdacontent 337 $asenza mediazione$bn$2rdamedia 338 $avolume$bnc$2rdacarrier 490 1 $aProblemi di vita religiosa ;$v1 500 $aGia pubbl. in: Religiose oggi. 650 4$aVita religiosa.$0(OLS)http://pul/subject/3323 830 0$aProblemi di vita religiosa ;$v1.$0(OLS)http://pul/title/55275 850 $aPUL 852 $aPUL$W1$xDP1 Fondo Liberati$y125$m2 E 14$j5856$qFondi$B207143$CPULBib$Z2$F207143 $HLib31 $82 941 1 $a1 996 $6082$a248$9(OLS)http://pul/classification/457 996 $6245$aReligiosi perchè?$9(OLS)http://pul/title/219684 996 $6264$aBologna :$bEdizioni Dehoniane$9(OLS)http://pul/publisher/48070